00589nam a2200169Ia 4500008004100000041000800041082001300049100002300062245004100085260002500126300000800151365001600159700002300175906003500198999001900233952016700252230718s9999 xx 000 0 und d aeng a658bCON aConfeild J9128471 aChicken Soup For The Unsinkable Soul c2001bWestland Books a370 cRs.b195.00 aConfeild J9128471 dB:173109-Nov-2001cMGMTb29.25 c302204d302204 00104070aCCEPbCCEPd2001-10-01eTechnical Book ServicesfMGMTg165.75i1731l0o658pCCEP-BK-13411r2023-07-18 00:00:00t29.25v195.00w2001-11-09yBKz013411